[Event "VIII Iberoamericano Mexico 2022"]
[Site "Mexico City"]
[Date "2022.02.16"]
[Round "5.50"]
[White "Lopez De Nava Hernandez, Carlos"]
[Black "Zaragoza Alanis, Miguel Arnulfo"]
[Result "0-1"]
[WhiteElo "2023"]
[BlackElo "1342"]
[Annotator "NA"]
[PlyCount "102"]
[EventDate "2022.02.12"]
[EventType "swiss"]
[EventCountry "MEX"]
[SourceTitle "playchess.com"]
[Source "ChessBase"]
[SourceQuality "1"]
[TimeControl "5400+30"]

1. e4 {[%emt 0:09:56]} e5 {[%emt 0:00:01]} 2. Nf3 {[%emt 0:00:05]} Nc6 {[%emt 0:00:02]} 3. Bc4 {[%emt 0:00:22]} Bc5 {[%emt 0:00:01]} 4. c3 {[%emt 0:00:08]} Nf6 {[%emt 0:00:03]} 5. d3 {[%emt 0:00:46]} d6 {[%emt 0:00:06]} 6. O-O {[%emt 0:00:12]} O-O {[%emt 0:00:03]} 7. Re1 {[%emt 0:00:33]} a6 {[%emt 0:00:04]} 8. Bb3 {[%emt 0:00:37]} h6 {[%emt 0:00:26]} 9. a4 {[%emt 0:03:04]} Ba7 {[%emt 0:00:01]} 10. Nbd2 {[%emt 0:01:21]} Nh5 {[%emt 0:00:10]} 11. Nf1 {[%emt 0:01:23]} Qf6 {[%emt 0:00:05]} 12. Be3 {[%emt 0:02:50]} Bg4 {[%emt 0:01:10]} 13. N1d2 {[%emt 0:03:10]} Nf4 {[%emt 0:01:13]} 14. Bxa7 {[%emt 0:04:49]} Rxa7 {[%emt 1:34:05]} 15. Re3 {[%emt 0:00:27]} Raa8 {[%emt 0:00:00]} 16. Nf1 {[%emt 0:05:21]} g5 {[%emt 0:00:00]} 17. Qd2 {[%emt 0:05:23]} Ne7 {[%emt 0:00:00]} 18. h3 {[%emt 0:59:03]} Nxh3+ {[%emt 0:00:00]} 19. gxh3 {[%emt 0:00:00]} Bxf3 {[%emt 0:00:00]} 20. Ng3 {[%emt 0:00:00]} g4 {[%emt 0:00:00]} 21. Bd1 {[%emt 0:00:00]} Bxd1 {[%emt 0:00:00]} 22. Qxd1 {[%emt 0:00:00]} Qg5 {[%emt 0:00:00]} 23. hxg4 {[%emt 0:00:00]} Ng6 {[%emt 0:00:00]} 24. Nf5 {[%emt 0:00:00]} Nf4 {[%emt 0:00:00]} 25. Rg3 {[%emt 0:00:00]} Kh7 {[%emt 0:00:00]} 26. Kh2 {[%emt 0:00:00]} b5 {[%emt 0:00:00]} 27. a5 {[%emt 0:00:00]} Rad8 {[%emt 0:00:00]} 28. c4 {[%emt 0:00:00]} bxc4 {[%emt 0:00:00]} 29. dxc4 {[%emt 0:00:00]} c6 {[%emt 0:07:30]} 30. Qf3 {[%emt 0:00:00]} d5 {[%emt 0:00:00]} 31. cxd5 {[%emt 0:00:00]} cxd5 {[%emt 0:00:00]} 32. Rh1 {[%emt 0:00:00]} Rc8 {[%emt 0:00:00]} 33. exd5 {[%emt 0:00:00]} Rc2 {[%emt 0:00:00]} 34. Qe4 {[%emt 0:00:27]} Re2 {[%emt 0:00:00]} 35. Re3 {[%emt 0:01:48]} Qxg4 {[%emt 0:00:00]} 36. Rxe2 {[%emt 0:03:00]} Qh3+ {[%emt 0:00:00]} 37. Kg1 {[%emt 0:00:39]} Nxe2+ {[%emt 0:00:00]} 38. Qxe2 {[%emt 0:00:11]} Qxf5 {[%emt 0:00:00]} 39. Qd2 {[%emt 0:03:19]} Rg8+ {[%emt 0:00:00]} 40. Kf1 {[%emt 0:00:08]} Qb1+ {[%emt 0:00:00]} 41. Qe1 {[%emt 0:01:05]} Qxe1+ {[%emt 0:00:00]} 42. Kxe1 {[%emt 0:00:35]} Rd8 {[%emt 0:00:00]} 43. Ke2 {[%emt 0:00:42]} Rxd5 {[%emt 0:00:00]} 44. b4 {[%emt 0:00:09]} Rb5 {[%emt 0:00:00]} 45. Rh4 {[%emt 0:00:13]} f5 {[%emt 0:00:00]} 46. Rc4 {[%emt 0:00:13]} Kg6 {[%emt 0:00:00]} 47. Rc5 {[%emt 0:00:38]} Rxc5 {[%emt 0:00:00]} 48. bxc5 {[%emt 0:00:15]} Kf6 {[%emt 0:00:00]} 49. Ke3 {[%emt 0:00:49]} Ke6 {[%emt 0:00:00]} 50. f4 {[%emt 0:00:16]} e4 {[%emt 0:00:00]} 51. Kd4 {[%emt 0:00:19]} h5 {[%emt 0:00:00]} 0-1

[Event "VIII Iberoamericano Mexico 2022"]
[Site "Mexico City"]
[Date "2022.02.17"]
[Round "6.1"]
[White "Cuenca Jimenez, Jose Fernando"]
[Black "Mareco, Sandro"]
[Result "0-1"]
[WhiteElo "2552"]
[BlackElo "2643"]
[Annotator "TA"]
[PlyCount "77"]
[EventDate "2022.02.12"]
[EventType "swiss"]
[EventCountry "MEX"]
[SourceTitle "playchess.com"]
[Source "ChessBase"]
[SourceQuality "1"]

{[%evp 12,77,22,8,12,8,17,10,9,6,18,8,9,4,9,11,10,11,13,-9,0,0,0,0,1,12,18,0,21,0,0,0,3,0,0,-7,75,-6,-13,-14,-8,-64,-64,-90,-66,-66,-121,-354,-356,-295,-308,-458,-69,-451,-443,-651,-643,-628,-608,-866,-856,-29989,-575,-12834,-12834,-29989,705,-736]} 1. d4 Nf6 2. c4 e6 3. Nf3 d5 4. Nc3 Bb4 5. cxd5 exd5 6. Bg5 h6 7. Bh4 O-O {7...Bf5 is the recent fashion. D38: Queen's Gambit Declined: Ragozin Defence (4 Nf3 Bb4).} 8. e3 Bf5 9. Qb3 Bxc3+ {The position is equal.} 10. Qxc3 Nbd7 11. Be2 c6 12. Nd2 Ne4 13. Bxd8 Nxc3 14. bxc3 {Black must now prevent Bh4.} Rfxd8 15. Nf1 Rac8 16. Ng3 Bh7 17. a4 {[%cal Ba2a4,Ba4a5,Ba5a6][%mdl 32]} c5 18. Kd2 Nf6 19. f3 {[#]} Rd6 $146 {[%cal Bd8d6,Bd6b6,Bb6a6,Ba6a2][%mdl 32]} ({Predecessor:} 19... Ne8 20. a5 Rc7 21. Ra3 Nd6 22. Rha1 Bg6 23. h4 Re8 24. h5 Bh7 25. Ra4 Kf8 {1-0 (65) Basso,P (2563)-Alekseev,E (2623) Budva 2019}) 20. a5 {Inhibits Rb6.} cxd4 21. exd4 b5 22. a6 Rb6 23. Rhc1 Rcc6 (23... Ne8 $11 {keeps the balance.}) 24. Nf1 (24. Ra5 $16) 24... Ne8 $11 25. Ne3 Nc7 26. Ra5 ({Better is} 26. Bd1 $11) 26... Rxa6 $15 27. Bxb5 Nxb5 ({Of course not} 27... Rxa5 28. Bxc6 Ra2+ 29. Kd1 $11) 28. Rxb5 {Intending Rb8+ and mate.} Ra2+ 29. Kd1 $2 (29. Nc2 $17 g5 30. Rxd5) 29... Bd3 $19 30. Rb8+ Kh7 31. Nxd5 (31. Re8 $142 Re6 32. Rxe6 fxe6 33. c4) 31... Be2+ ({Weaker is} 31... Rxg2 32. Nf4 Rg1+ 33. Kd2 Rxc1 34. Kxc1 $11) 32. Ke1 {Nb4 is the strong threat.} Bc4 $1 {[%csl LRd5,LRg2][%mdl 64] [#] Hoping for ...Re6+. Discovered Attack} 33. Nf4 {Prevents Re6+.} (33. Kd1 $142 Bxd5 34. Rc2) 33... g5 {[%cal Bg7g5,Bg5f4][%mdl 32]} 34. d5 Rc5 35. Re8 {[%cal Od5d6]} gxf4 36. d6 Be6 (36... Rh5 $142 37. Kd1 Rxh2 38. Rc2 Ra1+ 39. Rc1 Bb3+ 40. Kd2 Rxg2+ 41. Kd3 Rxc1 42. d7 Rd1+ 43. Ke4 Rxd7 44. Rb8 Bd5+ 45. Kxf4 Rf2 46. Kg3 Rxf3+ 47. Kh2 Bb7 48. Rf8 Rd2+ 49. Kg1 Rf5 50. Rh8+ Kxh8 51. c4 Rg2+ 52. Kh1 Rh5#) 37. c4 {[%cal Oe8e6] Strongly threatening Rxe6!} Re5+ 38. Kd1 Rc5 $4 {[%mdl 8192] [#]} (38... Ree2 39. Ra1 Rad2+ 40. Kc1 Rc2+ 41. Kd1 Red2+ 42. Ke1 Rxg2 43. Kd1 Rb2 44. Rxe6 fxe6 45. Rxa7+ Kg6 46. Rg7+ Kxg7 47. Kc1 Rbf2 48. h4 Rg1#) 39. Ke1 $4 {[%mdl 8192] Weighted Error Value: White=1.05/Black=0.26 (precise)} (39. Rxe6 $1 $18 {[%mdl 512]} fxe6 (39... Rg5 40. d7) 40. d7) 0-1

[Event "VIII Iberoamericano Mexico 2022"]
[Site "Mexico City"]
[Date "2022.02.17"]
[Round "6.2"]
[White "Santos Latasa, Jaime"]
[Black "Obregon Rivero, Juan Carlos"]
[Result "1-0"]
[WhiteElo "2640"]
[BlackElo "2536"]
[Annotator "TA"]
[PlyCount "123"]
[EventDate "2022.02.12"]
[EventType "swiss"]
[EventCountry "MEX"]
[SourceTitle "playchess.com"]
[Source "ChessBase"]
[SourceQuality "1"]

{[%evp 14,123,25,29,33,36,36,25,58,33,29,41,53,53,81,66,72,75,67,58,89,81,98,72,117,119,197,166,170,144,207,165,177,179,179,174,272,230,294,296,346,341,392,370,405,405,388,399,415,409,387,285,246,281,359,310,336,318,293,292,489,481,460,411,553,570,567,538,546,538,538,454,914,434,1678,0,977,675,973,787,1778,1678,2133,6250,5089,2626,29968,29969,29969,29970,29969,29970,29968,29971,29969,29972,29974,29975,29975,29976,29977,29978,29977,29979,29980,29981,29981,29982,29982,29983,29983,29984]} 1. d4 Nf6 2. c4 g6 3. Nc3 Bg7 4. e4 O-O 5. Be3 d6 6. h3 c5 7. d5 Qa5 8. Bd2 e6 {E71: King's Indian: 4 e4 d6 5 h3.} 9. Nf3 exd5 10. exd5 Bf5 {White has an edge.} 11. Be2 (11. g4 $5 {[%cal Rg4f5]} Bd7 12. Bd3 $14) 11... Qb6 12. g4 Be4 {[#]} 13. O-O $146 {Ng5 is the strong threat.} ({Predecessor:} 13. g5 Bxf3 14. Bxf3 Re8+ 15. Kf1 Nfd7 16. h4 Na6 17. h5 Re7 18. Qc2 Rae8 19. a3 {1-0 (46) Drazic,S (2486)-Aguera Naredo,J (2353) Pula 2011}) 13... Bxf3 14. Bxf3 Nbd7 15. Qc2 Ne8 16. Be2 Qd8 {Black is on the road to losing.} 17. Kg2 {White is more active.} a6 18. a4 {[%cal Ba2a4,Ba4a5][%mdl 32]} f5 (18... Bd4 $142) 19. f4 $1 $16 Nc7 (19... Bd4 $16) 20. a5 Bd4 21. Bf3 Rb8 (21... Bxc3 $16 22. Bxc3 fxg4) 22. Rae1 b5 23. axb6 $1 Rxb6 24. b3 Qb8 (24... Rb8 {was worth a try.} 25. gxf5 gxf5) 25. Bd1 (25. Re7 Qc8 $16) 25... Qc8 26. Ne2 fxg4 27. hxg4 Bg7 28. Ng3 a5 29. Bxa5 Ra6 30. Bc3 Bxc3 31. Qxc3 Ra2+ 32. Re2 Rxe2+ 33. Bxe2 ({Weaker is} 33. Nxe2 Nf6 $16) 33... Nf6 34. g5 Nfe8 35. Ne4 Qd7 36. Qe3 Ng7 $2 (36... Rf7 {was necessary.} 37. Kg3 Qe7) 37. Nf6+ $18 Rxf6 38. gxf6 Nf5 39. Qh3 Ne8 40. Bd3 Nxf6 41. Bxf5 gxf5 {[%mdl 4096] Endgame KQR-KQN} 42. Qh6 Kf7 (42... Qe8 $142 43. Qg5+ (43. Qxf6 Qe2+ 44. Kg3 Qg4+ 45. Kf2 Qxf4+ 46. Kg1 Qg4+ 47. Kf2 Qf4+ 48. Kg2 Qg4+ 49. Kf2 Qf4+ $11) 43... Qg6 44. Qxg6+ hxg6) 43. Qg5 (43. Re1 $142) 43... h6 (43... Ne4 $142 44. Qh6 Kg8) 44. Qxh6 {Threatening mate with Kh3.} Qe7 $2 {[%mdl 8192]} (44... Qe8 $11) 45. Qh3 $1 Qe4+ {[#]} 46. Qf3 $1 {Threatens to win with Qxe4.} Qc2+ 47. Rf2 Qb1 48. Re2 Qa1 49. Qd3 Ne4 50. Qh3 {White mates.} Kg6 51. Kh2 Nf6 52. Rg2+ Ng4+ 53. Rxg4+ fxg4 54. Qxg4+ {KQ-KQ} Kf6 55. Qe6+ Kg7 56. Qxd6 Qb2+ 57. Kg3 Qxb3+ 58. Kg4 Qxc4 59. Qe7+ Kg8 60. d6 Qf7 61. Qxf7+ Kxf7 {[#]} 62. f5 $1 {Weighted Error Value: White=0.22 (precise) /Black=0.31} ({Inferior is} 62. d7 Ke7 $11) 1-0

[Event "VIII Iberoamericano Mexico 2022"]
[Site "Mexico City"]
[Date "2022.02.17"]
[Round "6.3"]
[White "Vazquez, Guillermo"]
[Black "Meier, Georg"]
[Result "1/2-1/2"]
[WhiteElo "2545"]
[BlackElo "2631"]
[Annotator "TA"]
[PlyCount "31"]
[EventDate "2022.02.12"]
[EventType "swiss"]
[EventCountry "MEX"]
[SourceTitle "playchess.com"]
[Source "ChessBase"]
[SourceQuality "1"]

{[%evp 13,31,12,11,0,0,0,10,0,19,19,19,21,20,18,23,21,21,15,23,26]} 1. e4 e6 2. d4 d5 3. Nc3 Bb4 4. exd5 exd5 5. Bd3 Nf6 6. Nge2 O-O 7. O-O c6 8. a3 {C01: French: Exchange Variation.} Bd6 9. Bf4 Bg4 {[#] ...Bxf4 is the strong threat.} 10. Qd2 {The position is equal.} Bxe2 11. Nxe2 Bxf4 12. Nxf4 {[#]} Qd6 $146 ({Predecessor:} 12... Nbd7 13. c3 Re8 14. Rfe1 Qc7 15. g3 g6 16. f3 Rxe1+ 17. Rxe1 Re8 18. Rxe8+ Nxe8 19. Kg2 Qd6 {½-½ (19) Jaeger,F (2001)-Van der Plas,R (2322) ICCF email 2016}) 13. g3 Nbd7 14. Rfe1 Rfe8 15. f3 h6 16. Kg2 {An uneventful encounter.  Weighted Error Value: White=0.05 (flawless) /Black=0.03 (flawless)} 1/2-1/2

[Event "VIII Iberoamericano Mexico 2022"]
[Site "Mexico City"]
[Date "2022.02.17"]
[Round "6.4"]
[White "Cori, Jorge"]
[Black "Quesada Perez, Luis Ernesto"]
[Result "1-0"]
[WhiteElo "2650"]
[BlackElo "2517"]
[Annotator "TA"]
[PlyCount "138"]
[EventDate "2022.02.12"]
[EventType "swiss"]
[EventCountry "MEX"]
[SourceTitle "playchess.com"]
[Source "ChessBase"]
[SourceQuality "1"]

{[%evp 36,138,61,0,0,0,0,0,0,0,0,0,0,0,0,0,0,0,0,0,0,0,0,0,0,0,0,0,84,83,340,330,337,313,302,315,318,252,284,43,53,0,233,0,0,0,225,42,214,152,264,0,747,747,747,740,774,60,58,69,1680,935,12841,12841,12842,12838,12838,12839,12839,12839,12840,12840,12841,12837,12836,12838,12838,12839,12839,12839,12842,12839,12840,12840,12841,12841,12839,12839,12841,12841,12841,12842,12842,12843,12843,12843,12844,12843,12844,12844,12845,12845,12845,12845,12846]} 1. d4 d5 2. c4 c6 3. Nf3 Nf6 4. Nc3 e6 5. Bg5 dxc4 6. e4 {[%cal Be2e4,Be4e5][%mdl 32]} b5 7. e5 h6 8. Bh4 g5 9. Nxg5 hxg5 10. Bxg5 Nbd7 11. exf6 Bb7 12. g3 c5 13. d5 Qb6 14. Bg2 O-O-O 15. O-O b4 16. Na4 Qb5 17. a3 Nb8 {[%cal Bd7b8,Bb8c6,Bc6e5,Be5d3][%mdl 32]} 18. axb4 cxb4 19. Be3 (19. Qg4 $14 Bxd5 20. Rfc1) 19... Bxd5 $11 {D44: Semi-Slav: Botvinnik System.} 20. Bxd5 Rxd5 21. Qe2 {aiming for Rfc1.} Nc6 {The position is equal.} 22. Rfc1 Ne5 23. f4 Nd3 24. Rxc4+ Qxc4 25. Rc1 $1 {[%mdl 64] Decoy} Qxc1+ 26. Bxc1 Nxc1 27. Qc4+ Kb8 $1 {And now ...Nd3 would win.} 28. Qxc1 Bd6 {...Rc8 is the strong threat.} 29. Qc2 Rc8 30. Qe2 Rd8 $1 31. Qa6 {[#]} Rd2 $146 (31... Rc8 $11 {remains equal.} 32. Qe2 Rd8) ({Predecessor:} 31... Rc8 32. Kg2 Rc2+ 33. Kh3 Rh5+ 34. Kg4 Rd5 35. h4 Bc7 36. Qf1 e5 37. Qf3 Rcd2 38. Qb3 {½-½ (38) Ghosh,A (2249)-Prati,A (2177) ICCF email 2018}) 32. Qb5+ $16 Kc8 $2 {[%mdl 8192]} (32... Ka8 $16) 33. Nc5 $18 {The board is on fire.} Bxc5+ 34. Qxc5+ {[%mdl 4096] Endgame KQ-KRR} Kb7 35. Qxb4+ Kc7 36. Qa5+ Kb7 37. g4 $2 (37. f5 $18 exf5 38. Qb5+ (38. Qxf5 Rxb2 39. Qf3+ Kb6 $11) 38... Kc7 39. Qc4+ (39. Qxf5 Kb6 $16) 39... Kd6 40. Qb4+ Kc7 41. Qc4+ Kd6 42. Qxf7) 37... R8d5 $1 $14 (37... Rd1+ $2 38. Kf2 $16) 38. Qb4+ (38. Qa3 $14) 38... Kc7 $2 (38... Kc6 $11) 39. Qe7+ $2 (39. Qc3+ $1 $18 Kb6 40. Qb4+ Kc6 41. Qa3) 39... Kb6 $11 40. Qb4+ (40. Qa3 $11) 40... Kc7 $1 $18 41. f5 $2 (41. Qc3+ $1 $18 Kb6 42. Qb4+ Kc6 43. g5) 41... Rc2 $2 ({Black should try} 41... exf5 $14 42. Qe7+ Rd7 43. Qc5+ Kb7 44. Qb5+ (44. Qxf5 Kb6 $16) 44... Kc7) 42. Qe1 exf5 {[#]} (42... Rcd2 $16 {was necessary.} 43. Qg3+ (43. fxe6 $2 Rd1 $19) 43... e5 44. Qc3+ Kb6) 43. g5 $1 {[%cal Bg4g5,Bg5g6][%mdl 32] Strongly threatening g6!} f4 $2 {[%mdl 8192] [#]} (43... Rdd2 $11) 44. g6 $1 f3 45. Qg3+ Kd7 46. Qxf3 $2 (46. Qg4+ $18 Kc7 47. Qxf3 Rg5+ 48. Kf1 Rxg6 49. Qf4+ Kb7 50. Qb4+ (50. Qe4+ Rc6 $11) 50... Kc7 51. Qe7+ Kb8 52. Qxf7) 46... Rg5+ $14 47. Kf1 Rc1+ $2 {[%mdl 8192] Black is now going downhill.} (47... Rcc5 $14 48. gxf7 Rcf5) 48. Ke2 {White is clearly winning.} Rc2+ 49. Kd3 Rxb2 50. Kc3 Rb8 51. gxf7 Rc5+ 52. Kd4 Rcc8 53. Qd5+ Kc7 54. Kc5 {Intending Qc6+ and mate.} Rb6 {To avoid Qc6+} 55. Qf5 Rc6+ 56. Kd4 Rd6+ 57. Ke5 Rdd8 58. Qc2+ Kb6 59. Qb3+ Kc6 60. Qa4+ Kb6 61. Qb4+ Ka6 62. h4 Rb8 63. Qa3+ Kb6 64. Kf5 a5 65. Kg6 Ra8 66. Qa4 Kc5 67. Kg7 Kd6 68. h5 {[%cal Bh4h5,Bh5h6][%mdl 32]} Ke5 69. h6 Kd5 {Weighted Error Value: White=0.61/Black=0.50} 1-0

[Event "VIII Iberoamericano Mexico 2022"]
[Site "Mexico City"]
[Date "2022.02.17"]
[Round "6.5"]
[White "Diaz Perez, Michel Alejandro"]
[Black "Fier, Alexandr"]
[Result "1/2-1/2"]
[WhiteElo "2459"]
[BlackElo "2583"]
[Annotator "RC"]
[PlyCount "50"]
[EventDate "2022.02.12"]
[EventType "swiss"]
[EventCountry "MEX"]
[SourceTitle "playchess.com"]
[Source "ChessBase"]
[SourceQuality "1"]
[TimeControl "5400+30"]

1. d4 {[%emt 0:00:21]} Nf6 {[%emt 0:00:11]} 2. c4 {[%emt 0:00:04]} c5 {[%emt 0:00:05]} 3. e3 {[%emt 0:00:10]} cxd4 {[%emt 0:01:40]} 4. exd4 {[%emt 0:00:03]} d5 {[%emt 0:00:26]} 5. Nc3 {[%emt 0:01:01]} g6 {[%emt 0:00:56]} 6. Qb3 {[%emt 0:03:37]} Bg7 {[%emt 0:00:09]} 7. cxd5 {[%emt 0:00:10]} O-O {[%emt 0:00:05]} 8. Be2 {[%emt 0:02:53]} Na6 {[%emt 0:01:02]} 9. Bf3 {[%emt 0:02:09]} Qb6 {[%emt 0:00:10]} 10. Nge2 {[%emt 0:01:48]} Bf5 {[%emt 0:00:32]} 11. O-O {[%emt 0:04:08]} Rad8 {[%emt 0:06:57]} 12. Bf4 {[%emt 0:05:35]} Rd7 {[%emt 0:07:26]} 13. Be5 {[%emt 0:19:12]} Bd3 {[%emt 0:03:16]} 14. Rfc1 {[%emt 0:04:04]} Bxe2 {[%emt 0:09:56]} 15. Bxe2 {[%emt 0:00:58]} Nxd5 {[%emt 0:02:32]} 16. Nxd5 {[%emt 0:07:28]} Qxb3 {[%emt 0:00:03]} 17. Nxe7+ {[%emt 0:09:24]} Rxe7 {[%emt 0:00:06]} 18. axb3 {[%emt 0:00:01]} Bxe5 {[%emt 0:00:07]} 19. dxe5 {[%emt 0:00:10]} Rxe5 {[%emt 0:00:44]} 20. Bxa6 {[%emt 0:00:06]} bxa6 {[%emt 0:00:02]} 21. Rxa6 {[%emt 0:00:08]} Rb8 {[%emt 0:01:28]} 22. Rxa7 {[%emt 0:04:24]} Rxb3 {[%emt 0:00:14]} 23. Ra2 {[%emt 0:00:53]} Re2 {[%emt 0:00:04]} 24. Kf1 {[%emt 0:00:11]} Rexb2 {[%emt 0:00:05]} 25. Rxb2 {[%emt 0:00:05]} Rxb2 {[%emt 0:00:03]} 1/2-1/2

[Event "VIII Iberoamericano Mexico 2022"]
[Site "Mexico City"]
[Date "2022.02.17"]
[Round "6.6"]
[White "Alonso Rosell, Alvar"]
[Black "Sanchez Alvarez, Roberto Carlos"]
[Result "1/2-1/2"]
[WhiteElo "2570"]
[BlackElo "2407"]
[Annotator "TA"]
[PlyCount "66"]
[EventDate "2022.02.12"]
[EventType "swiss"]
[EventCountry "MEX"]
[SourceTitle "playchess.com"]
[Source "ChessBase"]
[SourceQuality "1"]

{[%evp 23,66,20,25,25,12,21,16,14,14,16,16,9,17,12,18,18,18,12,12,10,12,12,17,10,13,0,6,0,4,6,7,5,8,0,0,0,0,0,0,0,0,0,0,0,0]} 1. d4 Nf6 2. c4 e6 3. g3 d5 4. Nf3 dxc4 5. Bg2 c5 6. O-O Nc6 7. dxc5 Qxd1 8. Rxd1 Bxc5 9. Nbd2 c3 10. bxc3 O-O 11. Nb3 Be7 12. c4 Bd7 13. Bb2 {E04: Open Catalan: 5 Nf3.} Rfd8 14. Nfd4 {The position is equal.} Rac8 15. Nb5 b6 16. Nd6 Bxd6 17. Rxd6 Be8 18. Rxd8 Nxd8 19. Rc1 Bc6 20. c5 Bxg2 21. Kxg2 Nd7 {[%cal Rd7c5]} 22. cxb6 Rxc1 {[#]} 23. Nxc1 $146 ({Predecessor:} 23. Bxc1 axb6 24. Kf3 Nc6 25. Ke3 Kf8 26. Nd4 Nxd4 27. Kxd4 Ke7 28. Kc4 Kd6 29. Kb5 {1-0 (39) Giri,A (2776)-So,W (2760) Bucharest 2019}) 23... axb6 $11 {[%mdl 4096] Endgame KBN-KNN} 24. Nd3 Nc6 25. Kf3 f6 {[%cal Bf7f6,Bf6f5][%mdl 32]} 26. Ke4 b5 27. Bc3 Kf7 28. g4 g6 29. f3 Nb6 {[#] Strongly threatening ...Nd5.} 30. Nb4 {Prevents Nd5.} f5+ 31. Kd3 Nxb4+ 32. Bxb4 {gxf5 is the strong threat.} e5 33. Ba5 Nd5 {An uneventful encounter.  Weighted Error Value: White=0.02 (flawless) /Black=0.01 (flawless)} 1/2-1/2

[Event "VIII Iberoamericano Mexico 2022"]
[Site "Mexico City"]
[Date "2022.02.17"]
[Round "6.7"]
[White "Berdayes Ason, Dylan Isidro"]
[Black "Albornoz Cabrera, Carlos Daniel"]
[Result "1/2-1/2"]
[WhiteElo "2445"]
[BlackElo "2567"]
[Annotator "TA"]
[PlyCount "87"]
[EventDate "2022.02.12"]
[EventType "swiss"]
[EventCountry "MEX"]
[SourceTitle "playchess.com"]
[Source "ChessBase"]
[SourceQuality "1"]

{[%evp 13,87,-20,-14,-32,-33,-45,-34,-87,-31,-51,20,24,38,20,49,40,39,0,0,0,0,0,0,-35,46,45,55,45,57,43,66,54,74,43,85,26,83,75,86,82,77,54,65,45,57,57,57,43,58,0,58,55,51,30,43,38,56,49,47,33,39,35,60,52,60,52,53,52,52,52,60,53,60,60,82,63]} 1. d4 Nf6 2. c4 e6 3. Nc3 Bb4 4. a3 Bxc3+ 5. bxc3 c5 6. f3 Nc6 7. e4 d6 8. d5 {E24: Nimzo-Indian: Sämisch: Unusual Black 5th moves and 5...c5 sidelines.} Na5 9. Bd3 b6 {[#]} 10. Ne2 $146 (10. Bg5 $15) ({Predecessor:} 10. Nh3 exd5 11. cxd5 Bxh3 12. gxh3 c4 13. Bc2 Nd7 14. O-O O-O 15. Bf4 Qf6 16. Bg3 {½-½ (26) Tyulenko,Y (2453)-Morozov,D (2492) ICCF email 2019}) 10... Qe7 (10... O-O $17) 11. O-O e5 (11... O-O $15) 12. Rb1 $11 Bd7 13. Ng3 h6 14. f4 O-O-O 15. fxe5 dxe5 16. Qf3 {[%cal Oa3a4]} Rdf8 17. Nf5 Bxf5 18. Qxf5+ Kc7 (18... Kd8 $1 $15) 19. Be3 $14 Nd7 20. Qg4 $36 {[%mdl 2048] White has good play.} f6 21. Qe2 Qd6 22. Bc2 g6 23. Rf3 {White is more active.} h5 24. Rbf1 (24. Rf2 $16) 24... Rf7 (24... Nb7 $11) 25. R1f2 Nf8 26. Qf1 {[%cal Rf3f6]} Nh7 27. Rg3 Rg8 28. Bd1 {[%cal Od1h5] [#] Bxh5! is the strong threat.} Qf8 29. Rgf3 Nb7 30. a4 Na5 31. Rb2 ({White should try} 31. Be2 $14) 31... Qd6 (31... f5 $1 $11) 32. Rb5 {[%cal Oe3c5] And now Bxc5! would win.} Nf8 33. Rg3 {[%cal Od1h5]} ({Not} 33. Bxc5 bxc5 34. Rxa5 a6 $17) 33... Rh7 34. Be2 ({Avoid the trap} 34. Bxc5 $2 bxc5 35. Rxa5 a6 $19) 34... Nd7 35. Rf3 Rf7 36. Rb2 Qf8 37. Bd3 Qd6 38. Rbf2 Rff8 39. Bh6 Rf7 {[#]} 40. Bg5 $1 {[%cal Rg5f6] A strong pair of Bishops.} Rgf8 41. h3 Kd8 42. Bh6 Rh8 43. Be3 Ke7 44. Rg3 {Weighted Error Value: White=0.13 (very precise) /Black=0.16 (very precise)} 1/2-1/2

[Event "VIII Iberoamericano Mexico 2022"]
[Site "Mexico City"]
[Date "2022.02.17"]
[Round "6.8"]
[White "Gonzalez Zamora, Juan Carlos"]
[Black "Valdes Romero, Leonardo"]
[Result "1/2-1/2"]
[WhiteElo "2544"]
[BlackElo "2404"]
[Annotator "TA"]
[PlyCount "66"]
[EventDate "2022.02.12"]
[EventType "swiss"]
[EventCountry "MEX"]
[SourceTitle "playchess.com"]
[Source "ChessBase"]
[SourceQuality "1"]

{[%evp 16,66,46,23,52,13,29,-18,0,-54,11,-19,20,21,27,32,22,40,69,65,64,66,111,61,94,0,0,0,0,0,0,-50,-47,-67,0,0,0,0,0,0,0,0,0,0,0,0,0,0,0,0,0,-29998,0]} 1. d4 Nf6 2. c4 c5 3. d5 e6 4. Nc3 exd5 5. cxd5 d6 6. e4 g6 7. f4 Bg7 8. Bb5+ Nfd7 9. Nf3 O-O {A67: Modern Benoni: Taimanov Variation.} 10. O-O a6 11. Bxd7 (11. Ba4 $142) 11... Nxd7 $11 {The position is equal.} 12. f5 (12. a4 $1 $11) 12... Ne5 {[#]} ({Black should play} 12... b5 $15) 13. Kh1 $146 ({Predecessor:} 13. Bf4 Nxf3+ 14. Qxf3 b5 15. Qg3 b4 16. Ne2 Bxb2 17. Rab1 Be5 18. Bxe5 dxe5 19. f6 {1-0 (36) Li,W (2198)-Lauridsen,J (2225) Chess.com INT 2020}) 13... b5 14. Bg5 f6 15. Nxe5 fxg5 16. Nc6 Qe8 {[%cal Rg6f5]} 17. Qd2 Bd7 ({Not} 17... b4 18. Na4 $16) 18. fxg6 {White is much more active.} ({Of course not} 18. Qxg5 Bf6 19. Qh6 Bg7 $11) 18... b4 {[#]} (18... Rxf1+ $14 19. Rxf1 b4) 19. Rxf8+ $1 $16 Bxf8 20. gxh7+ (20. Na4 $16 {Nb6 is the strong threat.} Bxc6 21. dxc6 Qxc6 {[#]} 22. Nb6 $1 {[%mdl 512]} (22. Qxg5 h6 $11)) 20... Kxh7 $11 21. Ne2 {And now Rf1 would win. Pair of Knights!} Qxe4 22. Ng3 Qg6 23. Qe2 (23. a3 $11) 23... Re8 $15 {[%cal Ba8e8,Be8e3,Be3e2,Be2g2][%mdl 32]} 24. Qxa6 {Threatens to win with Qa7.} Bg7 (24... Bf5 $15) 25. Rf1 $11 Re3 {White must now prevent ...Qd3.} 26. Qb7 Bg4 27. b3 Be2 28. Nxe2 Rxe2 29. Qd7 g4 30. Rg1 Qe4 $40 {[%mdl 128] White needs to defend precisely.} 31. Qxd6 Rxg2 32. Qe6 Qf3 33. Qd6 $2 {[%mdl 8192]} (33. Rxg2 $11 Qf1+ 34. Rg1 Qf3+ 35. Rg2 Qf1+ 36. Rg1 Qf3+ 37. Rg2) 33... Bf8 $2 {Weighted Error Value: White=0.39/Black=0.15 (very precise)} 1/2-1/2